Daňové priznanie za rok 2015 pri ukončení živnosti (skončení podnikania)

Špecifíká zostavenia daňového priznania živnostníka, ktorý skončil svoje podnikanie v roku 2015.

Salvato in:
Dettagli Bibliografici
Autore principale: Benko, Ján
Natura: Capitolo di libro
Lingua:slovacco
Soggetti:
Tags: Aggiungi Tag
Nessun Tag, puoi essere il primo ad aggiungerne!!

MARC

LEADER 00000nla a2200000 4500
001 0220763
005 20240502073627.0
041 0 |a slo 
044 |a SK 
245 1 0 |a Daňové priznanie za rok 2015 pri ukončení živnosti (skončení podnikania)  |c Ján Benko 
520 |a Špecifíká zostavenia daňového priznania živnostníka, ktorý skončil svoje podnikanie v roku 2015. 
610 2 0 |a priznania daňové 
610 2 0 |a povinnosť daňová 
610 2 0 |a dane z príjmov 
610 2 0 |a doklady daňové 
610 2 0 |a predpisy daňové 
610 2 0 |a obdobie zdaňovacie 
610 2 0 |a živnostníci 
100 1 |a Benko, Ján